000 01207nam a2200229Ia 4500
001 L222-4854
003 IT-CnALBA
008 170116s9999||||xx |||||||||||||| ||und||
040 _aIT-CnALBA
_cIT-CnALBA
041 _aBILINGUE
100 _aSENZA AUTORE
245 0 _aSACRA BIBBIA. LIBRI DEI MACCABEI.
250 _a1a ed.
260 _a TORINO - ROMA
_bMARIETTI EDITORE
_c1953 [1° Ed.:1953 - Ed.Ling.Originale: 1953]
300 _a268 p.
500 _aCURATORE ANGELO PENNA. TAVOLE FUORI TESTO. VOLGATA LATINA E TRADUZIONE ITALIANA DAI TESTI ORIGINALI ILLUSTRATE CON NOTE CRITICHE E COMMENTATE. DIREZIONE SALVATORE GAROFALO. MACCABEI. TESTO E VERSIONI. GIUDA MACCABEO. GIONATA. SIMONE. PURIIFICAZIONE DEL TE
501 _aSocietà San Paolo EM - Piazza San Paolo, 14 - 12051 ALBA (CN) (non commercial uses only) ® Copyright 2017
520 _aCURATORE ANGELO PENNA. TAVOLE FUORI TESTO. VOLGATA LATINA E TRADUZIONE ITALIANA DAI TESTI ORIGINALI ILLUSTRATE CON NOTE CRITICHE E COMMENTATE. DIREZIONE SALVATORE GAROFALO. MACCABEI. TESTO E VERSIONI. GIUDA MACCABEO. GIONATA. SIMONE. PURIIFICAZIONE DEL TE
650 _aLIBRI STORICI DELL'ANTICO TESTAMENTO
942 _cBK
957 _71
999 _a5837
_bNO
_g Copie: 1
_c264045
_d264045